00690nam a2200229 a 4500001001300000003000900013005001700022008004100039020001100080082001400091100001800105245005300123260004200176300000900218500003500227505002900262700001800291902000800309942000700317952011900324999001700443nice12345678IN_TiNIC20260116015150.0050524s1997 zona grp 000 0 eng  ac131100a201bGRA1 aGraham, Billy aJust as I Amb the Autubiography of Billy Graham aZondervanbHarper San Franciscoc1997 a760p aincludes index and biblioraphy2 aIndex of Name and Places1 aGraham, Billy bSRS cBK 001040708StackRoom-aHMIbHMId2007-04-20g1311.00l0o201 GRA1p11001195r2007-04-20v1311.00w2005-05-24yBK c18581d18581